000 00946nam a2200265Ia 4500
003 OSt
005 20221005110718.0
006 a|||||r|||| 00| 0
007 ta
008 221004b |||||||| |||| 00| 0 hin d
020 _a8272780938 (hbk)
_c275
024 _a97422
037 _b582, 23/03/2009, Vani Prakashan
_cTextual
040 _aCRL
_cCRL
_bhin
041 _2hin
_ahin
082 _aN, 152N0
100 _aफिशर, अंर्स्ट
245 0 _aकला की जरूरत
246 _aKalā kī jarūrata
260 _aनई दिल्ली
_bराजकमल प्रकाशन भारत
_c1990
300 _a248पृ0
_ccm.
700 _a उपाध्याय, रमेश, अनु.
942 _hN, 152N0
_cTEXL
_2cc
999 _c1019648
_d1019648